000 00794nam a22002297a 4500
003 OSt
005 20250826141219.0
008 250822b |||||||| |||| 00| 0 eng d
037 _cDissertation
040 _aFEDL
_beng
_cFEDL
041 _aeng
_heng
082 _a370.7 GUP/DI
100 _aGupta, Shreya
_9818623
110 _aUniversity of Delhi. Department of education
_9818316
245 _aPerception of teacher educators towards reflective practices:
_bContext and opportunities/
_cby Shreya Gupta; Sunil Kumar Verma. Supervisor
260 _bUniversity of Delhi
_c2025
300 _a76p.
650 _aEDUCATION TEACHING
_926564
700 _aVerma, Sunil Kumar. Supervisor
_9818624
942 _2ddc
_cDIS
_h370.7 GUP/DI
_n0
999 _c1434842
_d1434842